01209 a2200169 45000010006000000050017000060080041000230030015000640400040000790800078001192450044001972640048002413000019002895050700003080410008010081000023010165434620260407155815.0260407a1965 arg spa dAR-UNSa-BCEJYS aAR-UNSa-BCEJYSbspacAR-UNSa-BCEJYS a339.1xCuestiones generales del comercio. Mercados (Mercados Financieros)10aEl comercio, la industria y la sociedad 1aMéxico :bLibreros Mexicanos Unidosc1965 a423 p.c19 cm. a1. Introducción - 2. Los fundamentos del capitalismo - 3. Desarrollo de las instituciones comerciales en los Estados Unidos - 4. Filosofía de los negocios - 5. El mundo de los negocios y el gobierno - 6. Los negocios y la clase obrera - 7. Los negocios en una sociedad plural - 8. Conflictos entre la organización y el individuo - 9. El trabajo y el ocio en nuestra sociedad moderna - 10. Imagen de los negocios - 11. La cuestión de la estabilidad - 12. El comercio norteamericano y el panorama internacional - 13. Prosperidad: La economía norteamericana en los años de la posguerra - 14. Metas,valores y ética del mundo de los negocios - 15. El futuro de nuestro sistema comercial aspa1 aMcGuire, Joseph W.